000
00313nam a22001337a 4500
008
180924b xxu||||| |||| 00| 0 eng d
020
_a
9780136129806
041
_a
eng
080
_2
5th
_a
610.73
100
_a
1
101
_a
INF
245
_a
Foundations of Nursing Research
_c
Nieswiadomy,R.M
942
_2
udc
_c
BK
999
_c
48312
_d
48312